[Event "TUR-chT2"]
[Site "Konya"]
[Date "2014.06.26"]
[Round "5.8"]
[White "Rzayev, Bahruz Iqbal Oglu"]
[Black "Ulvi, Muhammed Ikbal"]
[Result "1-0"]
[WhiteElo "2425"]
[BlackElo "1758"]
[PlyCount "69"]
[EventDate "2014.06.23"]
[EventType "team-swiss"]
[EventRounds "9"]
[EventCountry "TUR"]
[SourceTitle "CBM 161 Extra"]
[Source "ChessBase"]
[SourceDate "2014.08.29"]
[SourceVersion "1"]
[SourceVersionDate "2014.08.29"]
[SourceQuality "1"]
[WhiteTeam "Salihli Sardes"]
[BlackTeam "Ataturk Univ"]
[WhiteTeamCountry "TUR"]
[BlackTeamCountry "TUR"]

1. e4 c5 2. Nf3 Nc6 3. Bb5 e6 4. 0-0 Nge7 5. c3 a6 6. Ba4 b5 7. Bc2 Bb7 8. d4 cxd4 9. Nxd4 Rc8 10. Kh1 Qc7 11. f4 Nxd4 12. Qxd4 Nc6 13. Qf2 Be7 14. Be3 Bd8 15. Nd2 0-0 16. e5 Na5 17. Ne4 Bxe4 18. Bxe4 d5 19. exd6 Qxd6 20. Rad1 Qb8 21. Ba7 Qc7 22. Bd4 Nc4 23. Bb1 e5 24. fxe5 Nxe5 25. Rde1 Ng6 26. Bf5 Rb8 27. Bxg6 hxg6 28. Be5 Qb7 29. Bxb8 Qxb8 30. Re8 Qc7 31. Rfe1 Qd7 32. Rxf8+ Kxf8 33. Qd4 Qxd4 34. cxd4 Be7 35. d5 1-0